000 00693nam a2200205 a 4500
005 20230524063733.0
008 991125s1971 fr 000 0 fre u
035 _aUPN01000032876
049 _aCG
050 4 _aLB1589
_bF7.7
100 1 _aTouyarot, M. A.
245 1 0 _aItinéraire mathématique :
_bcours moyen 2e année /
_cM. A. Touyarot, Cl. Hameau.
260 _aParís :
_bF. Nathan,
_c1971.
300 _a2 v. :
_bil. (algunas col.)
440 0 _aItinéraire mathématique
505 8 _aContenido:
_gt.1.
_tEléments de mathématique --
_gt.2.
_tGéométrie-mesure
650 4 _aMatemáticas
_xEstudio y enseñanza (Elemental)
_92809
700 1 _aHameau, Cl.,
_ecoaut.
905 _aLibro
999 _c32876
_d32876